| 000 | 00821nam a2200217Ia 4500 | ||
|---|---|---|---|
| 001 | 15663 | ||
| 005 | 20260320165958.0 | ||
| 008 | 260306t2016||||xx |||||||||||||| ||und|| | ||
| 041 | _aESP | ||
| 082 |
_a572 _bC24 V. 2 |
||
| 100 |
_aCampbell, Mary K. _eAUT |
||
| 245 | 0 | _aBioquímica | |
| 260 | _c2016 | ||
| 300 |
_a725 páginas : _c27 cm. |
||
| 650 | _aGEN | ||
| 654 | _aCCS | ||
| 856 |
_uhttps://itmsp.museknowledge.com/UCSP?url=https://www.ebooks7-24.com:443/?il=2148&pg=1 _zVersión digital |
||
| 856 |
_uhttps://0u213tdrj-y-https-ebooks7--24-com.itmsp.museknowledge.com/biblioteca.aspx _zVéase además: Base de datos Ebook7-24 |
||
| 856 |
_uhttps://0u216tds2-y-https-accessmedicina-mhmedical-com.itmsp.museknowledge.com/ _zVéase además: Base de datos McGraw Hill Access Medicina |
||
| 942 |
_cLIB _dJUS _fJUS _2ddc |
||
| 999 |
_c15663 _d15663 |
||